<?xml version="1.0" encoding="UTF-8"?>
<record
    xmlns:xsi="http://www.w3.org/2001/XMLSchema-instance"
    xsi:schemaLocation="http://www.loc.gov/MARC21/slim http://www.loc.gov/standards/marcxml/schema/MARC21slim.xsd"
    xmlns="http://www.loc.gov/MARC21/slim">

  <leader>01141nam a2200205 a 4500</leader>
  <controlfield tag="008">190917e1964    sp  |||g |||| 001 0 spa d</controlfield>
  <datafield tag="020" ind1=" " ind2=" ">
    <subfield code="a">S/D</subfield>
  </datafield>
  <datafield tag="041" ind1=" " ind2=" ">
    <subfield code="a">spa</subfield>
  </datafield>
  <datafield tag="092" ind1=" " ind2=" ">
    <subfield code="c">808</subfield>
    <subfield code="l">77</subfield>
    <subfield code="s">SAM</subfield>
  </datafield>
  <datafield tag="100" ind1="1" ind2=" ">
    <subfield code="a">Samaniego, F&#xE9;lix Maria</subfield>
    <subfield code="9">4029</subfield>
  </datafield>
  <datafield tag="245" ind1=" " ind2=" ">
    <subfield code="a">F&#xE1;bulas /</subfield>
    <subfield code="c">F&#xE9;lix Maria Samaniego</subfield>
  </datafield>
  <datafield tag="250" ind1=" " ind2=" ">
    <subfield code="a">4a ed.</subfield>
  </datafield>
  <datafield tag="260" ind1=" " ind2=" ">
    <subfield code="a">Madrid:</subfield>
    <subfield code="b">Espasa Calpe;</subfield>
    <subfield code="c">1964.</subfield>
  </datafield>
  <datafield tag="300" ind1=" " ind2=" ">
    <subfield code="a">157 p.</subfield>
  </datafield>
  <datafield tag="500" ind1=" " ind2=" ">
    <subfield code="a">Samaniego, F. M. (1964). F&#xE1;bulas. (4a ed.). Madrid : Espasa Calpe.</subfield>
  </datafield>
  <datafield tag="505" ind1=" " ind2=" ">
    <subfield code="a">Muchos son los sabios, de diferentes siglos y naciones, que han inspirado al renombre de fabulistas; pero muy pocos los que han hecho esta carrera felizmente. Este conocimiento debiera haberme retra&#xED;do del arduo empe&#xF1;o de meterme a contar f&#xE1;bulas en verso castellano. As&#xED; hubiera sido; pero perm&#xED;tame el p&#xFA;blico protestar con sinceridad, en mi abono, que en esta empresa no ha tenido parte mi elecci&#xF3;n. Es puramente obra de mi pronta obediencia, debida a una persona, en quien respeto unidas las calidades de t&#xED;o, maestro y jefe. </subfield>
  </datafield>
  <datafield tag="590" ind1=" " ind2=" ">
    <subfield code="a">Proyecto 4to libro, Donaci&#xF3;n Constanzo Juan Carlos, marzo 2019</subfield>
  </datafield>
  <datafield tag="655" ind1=" " ind2=" ">
    <subfield code="a">Literatura</subfield>
    <subfield code="9">2917</subfield>
  </datafield>
  <datafield tag="942" ind1=" " ind2=" ">
    <subfield code="2">ddc</subfield>
    <subfield code="c">LIT</subfield>
  </datafield>
  <datafield tag="999" ind1=" " ind2=" ">
    <subfield code="c">2871</subfield>
    <subfield code="d">2871</subfield>
  </datafield>
  <datafield tag="952" ind1=" " ind2=" ">
    <subfield code="0">0</subfield>
    <subfield code="1">0</subfield>
    <subfield code="2">ddc</subfield>
    <subfield code="4">0</subfield>
    <subfield code="7">0</subfield>
    <subfield code="a">BFM</subfield>
    <subfield code="b">BFM</subfield>
    <subfield code="c">CR</subfield>
    <subfield code="d">2019-03-06</subfield>
    <subfield code="e">Donaci&#xF3;n Constanzo, Juan Carlos, marzo 2019</subfield>
    <subfield code="l">0</subfield>
    <subfield code="o">808 77 SAM</subfield>
    <subfield code="p">4404</subfield>
    <subfield code="r">2019-03-06</subfield>
    <subfield code="t">Ej. 1</subfield>
    <subfield code="w">2019-03-06</subfield>
    <subfield code="y">LIT</subfield>
    <subfield code="z">Proyecto 4to libro. Donaci&#xF3;n Constanzo Juan Carlos, marzo 2019</subfield>
  </datafield>
</record>
